| 000 -CABECERA |
| Longitud fija campo de control |
00780nam a2200229 a 4500 |
| 001 - NÚMERO DE CONTROL |
| Número de control |
4384 |
| 003 - IDENTIFICADOR DEL NÚMERO DE CONTROL |
| Identificador del número de control |
CDMR |
| 005 - FECHA Y HORA DE LA ÚLTIMA TRANSACCIÓN |
| Fecha y hora de la última transacción |
20211201115525.0 |
| 008 - CÓDIGOS DE INFORMACIÓN DE LONGITUD FIJA |
| Códigos de información de longitud fija |
130130s1999||||||||||||||||||||||||||||d |
| 016 ## - NÚMERO DE CONTROL DE UNA AGENCIA BIBLIOGRÁFICA NACIONAL |
| Fuente |
Biblioteca de Catalunya |
| Número de control del registro |
DL B13091-1999 |
| 020 ## - NÚMERO INTERNACIONAL NORMALIZADO PARA LIBROS |
| Número Internacional Normalizado para Libros (ISBN) |
8482641778 |
| 040 ## - FUENTE DE LA CATALOGACIÓN |
| Centro catalogador de origen |
CDMR |
| Lengua de catalogación |
cat |
| Centro transcriptor |
CPC GIRONA |
| 245 03 - MENCIÓN DE TÍTULO |
| Título |
El món en minut i mig |
| Resto del título |
: una experiència de periodisme internacional a la televisió |
| Mención de responsabilidad, etc. |
Jordi Ferrerons ... [et al.] ; pròleg de Josep Ramoneda |
| 260 ## - PUBLICACIÓN, DISTRIBUCIÓN, ETC. (PIE DE IMPRENTA) |
| Lugar de publicación, distribución, etc. |
Barcelona: |
| Nombre del editor, distribuidor, etc. |
La Magrana, |
| Fecha de publicación, distribución, etc. |
1999 |
| 300 ## - DESCRIPCIÓN FÍSICA |
| Extensión |
265 pàgines; |
| Dimensiones |
20 cm |
| 490 ## - MENCIÓN DE SERIE |
| Mención de serie |
Meridians; |
| Designación de volumen o secuencia |
30 |
| 650 #0 - PUNTO DE ACCESO ADICIONAL DE MATERIA - TÉRMINO DE MATERIA |
| 9 (RLIN) |
2802 |
| Término de materia o nombre geográfico como elemento inicial |
Corresponsals estrangers |
| Subdivisión geográfica |
Catalunya |
| 650 #0 - PUNTO DE ACCESO ADICIONAL DE MATERIA - TÉRMINO DE MATERIA |
| 9 (RLIN) |
3127 |
| Término de materia o nombre geográfico como elemento inicial |
Televisió |
| Subdivisión geográfica |
Catalunya |
| 700 1# - PUNTO DE ACCESO ADICIONAL - NOMBRE DE PERSONA |
| 9 (RLIN) |
3051 |
| Nombre de persona |
Ramoneda, Josep |
| Fechas asociadas al nombre |
1949- |
| 700 ## - PUNTO DE ACCESO ADICIONAL - NOMBRE DE PERSONA |
| 9 (RLIN) |
4746 |
| Nombre de persona |
Ferrerons, Jordi |
| 942 ## - ENTRADA DE ELEMENTOS AGREGADOS (KOHA) |
| Koha [por defecto] tipo de item |
Monografies |
| Fuente de clasificaión o esquema |
|